=LDR 00000nam 2200000 4500 =001 INLIS000000000011362 =005 20161130105236.0 =006 =007 =008 Ind =035 ##$$0010-061300000011362 =041 ##$$a Ind =082 ##$$a 320.5 =090 ##$$a 320.5 Sup P =100 ##$$a Supito $q Drs. Supito =245 ##$$a Pendidikan Pancasila dan kewarganegaraan 1 Sekolah Menengah Umum =260 ##$$a Surakarta $b Pabelan $c 1994 =300 ##$$a Vi,144 hlm., 18 cm =650 ##$$a Pancasila =850 ##$$a NBPNMAT =990 ##$$a 0001/BPAP-NTB/2016